000 00358 a2200169 4500
001 189961
020 _a978-85-385-1439-8
040 _cMagnum
100 _aAndrade, Telma Guimarães Castro
240 1 0 _aMaria-fê
_lpor
245 1 0 _aMaria-fê
300 _a16
362 0 _a2009
440 1 _aPositivo
697 _aLITERATURA INFANTO
942 _cBK
999 _c189961
_d189961